[Event "77 España ch 2012"]
[Site "Maspalomas ESP"]
[Date "2012.10.06"]
[Round "8.2"]
[White "Anton Guijarro, David"]
[Black "Arizmendi Martinez, Julen Luis"]
[Result "1/2-1/2"]
[WhiteElo "2546"]
[BlackElo "2560"]
[PlyCount "63"]
[EventDate "2012.09.29"]
[EventType "swiss"]
[EventRounds "9"]
[EventCountry "ESP"]
[Source "lmi"]
[SourceDate "2012.09.29"]

1. d4 Nf6 2. Nf3 d5 3. c4 e6 4. e3 a6 5. Nbd2 c5 6. b3 cxd4 7. exd4 b6 8. Bb2
Bb7 9. Bd3 Be7 10. O-O O-O 11. Qe2 Nc6 12. Rac1 Re8 13. a3 Bf8 14. Rfd1 g6 15.
b4 dxc4 16. Bxc4 b5 17. Bd3 Ne7 18. Nb3 Ned5 19. g3 Nb6 20. Nc5 Bd5 21. Ne5 Ra7
22. Rc2 Qa8 23. Rdc1 Nbd7 24. Ncxd7 Nxd7 25. h4 Bh6 26. f4 Nxe5 27. dxe5 Rd7
28. Rc7 Rxc7 29. Rxc7 Rc8 30. Rxc8+ Qxc8 31. Qc2 Qd7 32. Bf1 1/2-1/2

[Event "77 España ch 2012"]
[Site "Maspalomas ESP"]
[Date "2012.10.06"]
[Round "8.4"]
[White "Alsina Leal, Daniel"]
[Black "Forcen Esteban, Daniel"]
[Result "1-0"]
[WhiteElo "2528"]
[BlackElo "2469"]
[PlyCount "51"]
[EventDate "2012.09.29"]
[EventType "swiss"]
[EventRounds "9"]
[EventCountry "ESP"]
[Source "lmi"]
[SourceDate "2012.09.29"]

1. e4 c5 2. Nf3 d6 3. d4 Nf6 4. Nc3 cxd4 5. Nxd4 a6 6. Be3 e5 7. Nf3 Be7 8. Bc4
O-O 9. O-O Nc6 10. Qe2 Na5 11. Bb3 Nxb3 12. axb3 h6 13. Nd2 b5 14. Nxb5 Bg4 15.
f3 Bxf3 16. Nxf3 axb5 17. Rad1 Ng4 18. Bc1 Qc8 19. h3 Qc5+ 20. Kh1 Nf6 21. Nh4
Qc6 22. Nf5 Rfe8 23. Nxe7+ Rxe7 24. Rxf6 gxf6 25. Bxh6 f5 26. Qh5 1-0

[Event "77 España ch 2012"]
[Site "Maspalomas ESP"]
[Date "2012.10.06"]
[Round "8.5"]
[White "Larino Nieto, David"]
[Black "Romero Holmes, Alfonso"]
[Result "1-0"]
[WhiteElo "2487"]
[BlackElo "2508"]
[PlyCount "93"]
[EventDate "2012.09.29"]
[EventType "swiss"]
[EventRounds "9"]
[EventCountry "ESP"]
[Source "lmi"]
[SourceDate "2012.09.29"]

1. d4 d5 2. Nf3 Nc6 3. Bf4 Bg4 4. Nbd2 e6 5. c3 Bd6 6. Bxd6 cxd6 7. e3 Bf5 8.
Qb3 Rb8 9. a4 Nge7 10. Nh4 Be4 11. f3 Bg6 12. Nxg6 hxg6 13. g4 a6 14. Bd3 Na5
15. Qa2 Rc8 16. Rc1 Nec6 17. Ke2 Ne7 18. b4 Nac6 19. Nb3 Nb8 20. Na5 b6 21. Nb3
Rc7 22. Qa3 g5 23. Nd2 Kf8 24. b5 a5 25. c4 f6 26. Kf2 Kf7 27. Bb1 dxc4 28.
Nxc4 Rd7 29. Nb2 Rc7 30. Nc4 Rd7 31. Kg2 d5 32. Nd2 Rc7 33. h3 Qd7 34. Rxc7
Qxc7 35. Rc1 Qd7 36. f4 gxf4 37. exf4 Rc8 38. Re1 Re8 39. Nf3 Nc8 40. Qd3 Ne7
41. h4 Qd6 42. Ne5+ Kf8 43. Qh7 Nd7 44. Qh8+ Ng8 45. Ng6+ Kf7 46. Qh5 Rf8 47.
Ne5+ 1-0

[Event "77 España ch 2012"]
[Site "Maspalomas ESP"]
[Date "2012.10.06"]
[Round "8.6"]
[White "Cuenca Jimenez, Jose Fernando"]
[Black "Recuero Guerra, David"]
[Result "1/2-1/2"]
[WhiteElo "2487"]
[BlackElo "2450"]
[PlyCount "123"]
[EventDate "2012.09.29"]
[EventType "swiss"]
[EventRounds "9"]
[EventCountry "ESP"]
[Source "lmi"]
[SourceDate "2012.09.29"]

1. e4 e5 2. Nf3 Nc6 3. Bb5 a6 4. Bxc6 dxc6 5. O-O Ne7 6. Nxe5 Qd4 7. Qh5 g6 8.
Qg5 Bg7 9. Nd3 f5 10. e5 c5 11. b3 b6 12. Bb2 Qg4 13. Qe3 Nd5 14. Qe1 Be6 15.
f3 Qg5 16. f4 Qd8 17. c4 Ne7 18. Qe3 Qd7 19. Ne1 Nc6 20. Na3 O-O-O 21. Nf3 Bh6
22. Nc2 Qd3 23. Qxd3 Rxd3 24. g3 Rhd8 25. Bc3 b5 26. Nce1 R3d7 27. d3 Kb7 28.
Rc1 b4 29. Bd2 a5 30. h4 a4 31. Be3 Kb6 32. bxa4 Ra8 33. a3 Rxa4 34. axb4 Rxb4
35. Ra1 Rb3 36. Bd2 Rd8 37. Rf2 Bc8 38. h5 Bb7 39. hxg6 hxg6 40. Rh2 Bf8 41.
Rh8 Nb4 42. Ng5 Be7 43. Rxd8 Bxd8 44. Nf7 Be7 45. Nh8 g5 46. Ng6 Bd8 47. fxg5
Nxd3 48. Nxd3 Rxd3 49. Bf4 Bxg5 50. Rb1+ Kc6 51. Kf2 Bxf4 52. Nxf4 Rd2+ 53. Kg1
Ba6 54. e6 Bxc4 55. Rb8 Rd1+ 56. Kg2 Re1 57. Re8 Kd6 58. Rd8+ Kc6 59. Re8 Kd6
60. Rd8+ Kc6 61. Re8 Kd6 62. Rd8+ 1/2-1/2

[Event "77 España ch 2012"]
[Site "Maspalomas ESP"]
[Date "2012.10.06"]
[Round "8.7"]
[White "Garrido Dominguez, Jesus"]
[Black "Moreno Tejera, Emilio"]
[Result "1-0"]
[WhiteElo "2396"]
[BlackElo "2358"]
[PlyCount "93"]
[EventDate "2012.09.29"]
[EventType "swiss"]
[EventRounds "9"]
[EventCountry "ESP"]
[Source "lmi"]
[SourceDate "2012.09.29"]

1. e4 c5 2. Nf3 e6 3. g3 d5 4. exd5 exd5 5. Bg2 Nf6 6. O-O Be7 7. d4 cxd4 8.
Nxd4 O-O 9. Nc3 Nc6 10. Be3 Bg4 11. f3 Bc8 12. Kh1 Re8 13. Bg1 Bb4 14. Nce2 Ne5
15. c3 Bf8 16. Nc2 Nc4 17. b3 Ne5 18. a4 a6 19. Nf4 Ng6 20. Ne2 Ne5 21. Qd2
Ned7 22. Ne3 Nc5 23. Nd4 g6 24. Rfd1 Bh6 25. b4 Ne6 26. f4 Bg7 27. Ne2 Nc7 28.
Qd3 Bd7 29. Nd4 Rc8 30. b5 axb5 31. axb5 Ne4 32. b6 Ne6 33. Nxd5 N6c5 34. Qf3
Ba4 35. Rxa4 Nxa4 36. Nc7 Naxc3 37. Rd3 Rxc7 38. Ne6 Qe7 39. Nxc7 Rd8 40. Nd5
Rxd5 41. Rxd5 f5 42. Ra5 h5 43. Qd3 Qb4 44. Ra7 Qb2 45. Rxb7 Qc1 46. Qc4+ Kh7
47. Bxe4 1-0

[Event "77 España ch 2012"]
[Site "Maspalomas ESP"]
[Date "2012.10.06"]
[Round "8.8"]
[White "Ortega Hermida, Daniel"]
[Black "Suarez Garcia, Carlos"]
[Result "0-1"]
[WhiteElo "2392"]
[BlackElo "2274"]
[PlyCount "72"]
[EventDate "2012.09.29"]
[EventType "swiss"]
[EventRounds "9"]
[EventCountry "ESP"]
[Source "lmi"]
[SourceDate "2012.09.29"]

1. d4 d6 2. e4 Nf6 3. Nc3 g6 4. Bg5 Bg7 5. Qd2 c6 6. f4 b5 7. a3 a6 8. Be2 Bb7
9. e5 Nd5 10. Nxd5 cxd5 11. Nf3 Qb6 12. O-O Nd7 13. Kh1 dxe5 14. fxe5 f6 15.
Bh4 O-O 16. Rae1 Rae8 17. Bd3 fxe5 18. dxe5 Rxf3 19. Rxf3 Nxe5 20. Rff1 Nxd3
21. cxd3 e5 22. Qf2 Qe6 23. Qa7 Qd7 24. Qf2 d4 25. Bg3 e4 26. dxe4 Bxe4 27. Qd2
Qd5 28. Rc1 d3 29. Bh4 Bh6 30. Qxh6 Bxg2+ 31. Kg1 Bxf1 32. Rxf1 d2 33. Bf6 Qd7
34. Kf2 Qf5+ 35. Kg3 Qd3+ 36. Kg4 d1=Q+ 0-1

[Event "77 España ch 2012"]
[Site "Maspalomas ESP"]
[Date "2012.10.06"]
[Round "8.9"]
[White "Fernandez Garcia, Jose Miguel"]
[Black "Lopez Gracia, Fernando"]
[Result "1/2-1/2"]
[WhiteElo "2356"]
[BlackElo "2382"]
[PlyCount "84"]
[EventDate "2012.09.29"]
[EventType "swiss"]
[EventRounds "9"]
[EventCountry "ESP"]
[Source "lmi"]
[SourceDate "2012.09.29"]

1. e4 c5 2. Nf3 e6 3. d4 cxd4 4. Nxd4 Nc6 5. Nc3 a6 6. Be2 d6 7. Be3 Nf6 8. O-O
Be7 9. f4 O-O 10. Kh1 Qc7 11. Qe1 Nxd4 12. Bxd4 b5 13. Bd3 Bb7 14. a3 Rae8 15.
e5 Nd7 16. exd6 Bxd6 17. Qh4 g6 18. f5 exf5 19. Rxf5 Be5 20. Bxe5 Rxe5 21. Qg3
Qb8 22. Rxe5 Qxe5 23. Re1 Qxg3 24. hxg3 Rd8 25. b4 Rc8 26. Ne4 Bxe4 27. Rxe4
Rc3 28. Re8+ Kg7 29. Ra8 Ne5 30. Rxa6 Nxd3 31. cxd3 Rxd3 32. g4 g5 33. Ra5 Kg6
34. Rxb5 Rxa3 35. Rb6+ f6 36. Kh2 Rb3 37. g3 h5 38. gxh5+ Kxh5 39. Rxf6 Rb2+
40. Kg1 Kg4 41. Rf2 Rxb4 42. Kh2 Rb3 1/2-1/2

[Event "77 España ch 2012"]
[Site "Maspalomas ESP"]
[Date "2012.10.06"]
[Round "8.10"]
[White "Vega Gutierrez, Sabrina"]
[Black "Suarez Gomez, Julio"]
[Result "1-0"]
[WhiteElo "2364"]
[BlackElo "2065"]
[PlyCount "108"]
[EventDate "2012.09.29"]
[EventType "swiss"]
[EventRounds "9"]
[EventCountry "ESP"]
[Source "lmi"]
[SourceDate "2012.09.29"]

1. e4 e6 2. d4 d5 3. Nd2 c5 4. Ngf3 Nc6 5. exd5 Qxd5 6. Bc4 Qd8 7. Nb3 cxd4 8.
Nbxd4 Nxd4 9. Nxd4 a6 10. O-O Nf6 11. Bf4 Be7 12. Re1 O-O 13. Be5 Re8 14. Re3
Bf8 15. Bb3 Nd7 16. Nf3 Nxe5 17. Nxe5 Qc7 18. Qh5 g6 19. Qf3 Bg7 20. Rae1 Rd8
21. h4 h5 22. Qf4 Qe7 23. Nc4 a5 24. Nb6 Ra6 25. Nd5 Qd6 26. Nf6+ Kf8 27. Qg5
Qe7 28. Nh7+ Ke8 29. Ba4+ Bd7 30. Bxd7+ Rxd7 31. Qb5 Rad6 32. Ng5 Bd4 33. Rf3
f6 34. Ne4 Rd5 35. Qb3 b5 36. c3 Be5 37. Qc2 Kf7 38. g3 Kg7 39. Rfe3 Bc7 40.
R1e2 e5 41. Rd2 f5 42. Rxd5 Rxd5 43. Ng5 Bb6 44. Rd3 Qd7 45. Rxd5 Qxd5 46. a4
e4 47. axb5 e3 48. fxe3 Bxe3+ 49. Kh2 Qxb5 50. c4 Qe5 51. Nf3 Qe4 52. Qc3+ Kh7
53. Kg2 Bc5 54. Qd2 Bf8 1-0

[Event "77 España ch 2012"]
[Site "Maspalomas ESP"]
[Date "2012.10.06"]
[Round "8.11"]
[White "Gonzalez De La Torre, Santiago"]
[Black "Alonso Valiente, Alexis"]
[Result "1-0"]
[WhiteElo "2442"]
[BlackElo "2049"]
[PlyCount "41"]
[EventDate "2012.09.29"]
[EventType "swiss"]
[EventRounds "9"]
[EventCountry "ESP"]
[Source "lmi"]
[SourceDate "2012.09.29"]

1. e4 c5 2. Nc3 Nc6 3. g3 g6 4. Bg2 Bg7 5. d3 e6 6. Be3 d6 7. Qd2 Nge7 8. Bh6
O-O 9. h4 f5 10. h5 Qe8 11. Bxg7 Kxg7 12. Nb5 Qd8 13. hxg6 hxg6 14. Qh6+ Kf7
15. exf5 exf5 16. O-O-O Be6 17. Qf4 Ne5 18. Rh7+ Ke8 19. Bxb7 Rb8 20. Qa4 Qd7
21. Qxa7 1-0

[Event "77 España ch 2012"]
[Site "Maspalomas ESP"]
[Date "2012.10.06"]
[Round "8.12"]
[White "Camacho Collados, Marcos"]
[Black "Nicolas Zapata, Irene"]
[Result "1/2-1/2"]
[WhiteElo "2436"]
[BlackElo "2193"]
[PlyCount "162"]
[EventDate "2012.09.29"]
[EventType "swiss"]
[EventRounds "9"]
[EventCountry "ESP"]
[Source "lmi"]
[SourceDate "2012.09.29"]

1. e4 c5 2. c4 Nc6 3. Nc3 g6 4. g3 Bg7 5. Bg2 e6 6. Nge2 Nge7 7. O-O O-O 8. a3
a6 9. Rb1 Rb8 10. b4 cxb4 11. axb4 b5 12. cxb5 axb5 13. d4 d5 14. Bf4 Rb7 15.
e5 Qb6 16. Qd3 f6 17. exf6 Bxf6 18. Rfd1 Nf5 19. Be3 Be7 20. Rb3 Bd7 21. Rdb1
Bf6 22. Rd1 Be7 23. Nf4 Rbb8 24. g4 Nh4 25. Qb1 Qc7 26. Nd3 Nf3+ 27. Bxf3 Rxf3
28. Kg2 Rbf8 29. Nxb5 Qd8 30. Ne1 R3f7 31. Rb2 e5 32. h3 Qb6 33. Nc3 exd4 34.
Na4 Qb5 35. Bh6 Qxa4 36. Bxf8 Bxf8 37. b5 Ne5 38. b6 d3 39. b7 Qe4+ 40. Kg1 Nc6
41. b8=Q Nxb8 42. Rxb8 Qf4 43. Nxd3 Qf3 44. Qb3 Qxh3 45. Ne5 Qxb3 46. Rxb3 Ba4
47. Nxf7 Bxb3 48. Rb1 Bc2 49. Rc1 Kxf7 50. Rxc2 h5 51. gxh5 gxh5 52. Kg2 Ke6
53. f4 Kf5 54. Kf3 Bd6 55. Rc8 Be7 56. Rh8 Kg6 57. Re8 Bf6 58. Re1 Kf5 59. Rb1
Be7 60. Rb5 Ke6 61. Rb6+ Kf5 62. Rh6 h4 63. Rh5+ Ke6 64. Kg4 Bf6 65. Kf3 Be7
66. Ke3 Bf6 67. Kd3 Be7 68. Ke3 Bf6 69. Kf3 Be7 70. Kg4 Bf6 71. Rh6 d4 72. Kf3
Kf5 73. Rh5+ Kg6 74. Rd5 Bg7 75. Kg4 Bf6 76. Rd7 Kh6 77. f5 h3 78. Kxh3 Kg5 79.
Rd5 Kf4 80. Kg2 Ke4 81. Rxd4+ Ke5 1/2-1/2

[Event "77 España ch 2012"]
[Site "Maspalomas ESP"]
[Date "2012.10.06"]
[Round "8.13"]
[White "Cuenca Jimenez, Francisco Javi"]
[Black "Todorcevic Antic, Miodrag"]
[Result "1/2-1/2"]
[WhiteElo "2177"]
[BlackElo "2420"]
[PlyCount "112"]
[EventDate "2012.09.29"]
[EventType "swiss"]
[EventRounds "9"]
[EventCountry "ESP"]
[Source "lmi"]
[SourceDate "2012.09.29"]

1. c4 e5 2. g3 Nc6 3. Bg2 g6 4. Nc3 Bg7 5. e4 d6 6. Nge2 Be6 7. d3 Qd7 8. Nd5
Nd8 9. h4 c6 10. Ne3 Nf6 11. d4 exd4 12. Nxd4 O-O 13. Qc2 c5 14. Nxe6 Nxe6 15.
Bd2 Nd4 16. Qd3 Ne8 17. h5 Nc7 18. f4 Rae8 19. O-O b5 20. Rae1 bxc4 21. Qxc4
gxh5 22. b3 Kh8 23. Kf2 f5 24. exf5 Nxf5 25. Bh3 Nxe3 26. Bxd7 Nxc4 27. bxc4
Rb8 28. Rb1 Rbd8 29. Bh3 Rde8 30. Rb7 Ne6 31. Bxe6 Rxe6 32. Re1 Rxe1 33. Kxe1
a5 34. Ra7 Bf6 35. Rxa5 h4 36. gxh4 Bxh4+ 37. Ke2 h5 38. Ra7 Bf6 39. Rd7 h4 40.
Rxd6 Kg7 41. Kf3 Ra8 42. Rd7+ Kg8 43. Kg4 Rxa2 44. Be1 Rg2+ 45. Kh3 Rg1 46. Bf2
Rf1 47. Kg2 Rc1 48. Rd5 Rc2 49. Kg1 Kf7 50. Bxc5 Rxc4 51. f5 Kg7 52. Kg2 Kh6
53. Be3+ Kh5 54. Rd6 Be7 55. Re6 Bf8 56. Rg6 Rg4+ 1/2-1/2

[Event "77 España ch 2012"]
[Site "Maspalomas ESP"]
[Date "2012.10.06"]
[Round "8.14"]
[White "Moya Mallafre, Erik"]
[Black "Gutierrez Olivares, Daniel"]
[Result "0-1"]
[WhiteElo "1988"]
[BlackElo "2368"]
[PlyCount "66"]
[EventDate "2012.09.29"]
[EventType "swiss"]
[EventRounds "9"]
[EventCountry "ESP"]
[Source "lmi"]
[SourceDate "2012.09.29"]

1. Nf3 Nf6 2. c4 e6 3. g3 b6 4. Bg2 Bb7 5. O-O Be7 6. d4 O-O 7. d5 exd5 8. Nh4
c6 9. cxd5 Nxd5 10. Nf5 Nc7 11. e4 d5 12. Nc3 Nba6 13. Qg4 Bf6 14. Rd1 d4 15.
Bf4 Bc8 16. e5 g6 17. exf6 Qxf6 18. Bxc7 Bxf5 19. Qf4 Nxc7 20. Ne4 Qd8 21. Nf6+
Qxf6 22. Qxc7 Rac8 23. Qxa7 c5 24. a4 Rfd8 25. a5 bxa5 26. Qxa5 c4 27. Rac1 d3
28. Qd2 Rd6 29. Re1 Rb6 30. Rc3 Qd4 31. Re3 Rcb8 32. Ra3 Rxb2 33. Qa5 Rb1+ 0-1

[Event "77 España ch 2012"]
[Site "Maspalomas ESP"]
[Date "2012.10.06"]
[Round "8.15"]
[White "Tejedor Fuentes, Enrique"]
[Black "Menvielle Laccourreye, Augusto"]
[Result "1-0"]
[WhiteElo "2287"]
[BlackElo "2133"]
[PlyCount "37"]
[EventDate "2012.09.29"]
[EventType "swiss"]
[EventRounds "9"]
[EventCountry "ESP"]
[Source "lmi"]
[SourceDate "2012.09.29"]

1. e4 e6 2. d4 d5 3. Nc3 Bb4 4. e5 c5 5. a3 Bxc3+ 6. bxc3 Ne7 7. Qg4 cxd4 8.
cxd4 Qc7 9. Bd2 O-O 10. Bd3 Nbc6 11. Nf3 Nf5 12. Qh3 h6 13. c3 f6 14. g4 fxe5
15. gxf5 e4 16. Rg1 Ne7 17. Rxg7+ Kxg7 18. Bxh6+ Kg8 19. Qg4+ 1-0

[Event "77 España ch 2012"]
[Site "Maspalomas ESP"]
[Date "2012.10.06"]
[Round "8.16"]
[White "Garcia Blanco, Omar"]
[Black "Camino Carrio, Nicanor"]
[Result "1-0"]
[WhiteElo "2277"]
[BlackElo "1994"]
[PlyCount "83"]
[EventDate "2012.09.29"]
[EventType "swiss"]
[EventRounds "9"]
[EventCountry "ESP"]
[Source "lmi"]
[SourceDate "2012.09.29"]

1. e4 c5 2. c3 d6 3. d4 Nf6 4. Bd3 g6 5. dxc5 dxc5 6. e5 Nfd7 7. f4 Bg7 8. Nf3
O-O 9. O-O Nb6 10. Na3 Nc6 11. Ng5 h6 12. Ne4 Qd5 13. Be3 c4 14. Bc2 Bf5 15.
Qf3 Rad8 16. Rfd1 Qe6 17. Nc5 Qc8 18. Bxf5 gxf5 19. Kf2 Rxd1 20. Rxd1 Rd8 21.
Rxd8+ Nxd8 22. Qe2 f6 23. exf6 Bxf6 24. Nxc4 Ne6 25. Nxb6 axb6 26. Nxe6 Qxe6
27. c4 Qe4 28. b3 e5 29. Bd2 Qd4+ 30. Qe3 Qa1 31. fxe5 Bg5 32. Qd3 Qxa2 33. Ke2
Bxd2 34. Qxd2 Qxb3 35. Qd8+ Kh7 36. Qe7+ Kg8 37. Qe6+ Kg7 38. Qf6+ Kg8 39. Qg6+
Kf8 40. Qxf5+ Ke7 41. Qh7+ Kd8 42. Qd3+ 1-0

[Event "77 España ch 2012"]
[Site "Maspalomas ESP"]
[Date "2012.10.06"]
[Round "8.17"]
[White "Alvarado Diaz, Alejandro"]
[Black "Alarcon Olmos, Daniel"]
[Result "1/2-1/2"]
[WhiteElo "2258"]
[BlackElo "1901"]
[PlyCount "81"]
[EventDate "2012.09.29"]
[EventType "swiss"]
[EventRounds "9"]
[EventCountry "ESP"]
[Source "lmi"]
[SourceDate "2012.09.29"]

1. g3 g6 2. Bg2 Bg7 3. c4 Nf6 4. Nc3 O-O 5. e4 d6 6. Nge2 Nc6 7. O-O e5 8. d3
Nd7 9. Rb1 Nc5 10. Be3 Ne6 11. b4 Ncd4 12. f4 f5 13. Kh1 Kh8 14. Qd2 Rf7 15.
Rbc1 Qf8 16. Rf2 c6 17. Rcf1 a5 18. b5 Bd7 19. bxc6 bxc6 20. fxe5 dxe5 21. exf5
gxf5 22. Ne4 Qb4 23. Bxd4 Qxd2 24. Nxd2 Nxd4 25. Nxd4 exd4 26. Ne4 Raf8 27. Nc5
Bc8 28. a4 Bh6 29. Nb3 Be3 30. Rb2 f4 31. gxf4 Rxf4 32. Rbb1 Bf5 33. Nc5 Bg4
34. Rxf4 Bxf4 35. Rf1 Bd6 36. Rxf8+ Bxf8 37. Nb3 c5 38. Nxa5 Bd1 39. Bc6 Bc2
40. Be4 Bxa4 41. Nc6 1/2-1/2

[Event "77 España ch 2012"]
[Site "Maspalomas ESP"]
[Date "2012.10.06"]
[Round "8.18"]
[White "Lopez Colon, Francisco"]
[Black "Camarena Gimenez, Rufino"]
[Result "0-1"]
[WhiteElo "2093"]
[BlackElo "2393"]
[PlyCount "72"]
[EventDate "2012.09.29"]
[EventType "swiss"]
[EventRounds "9"]
[EventCountry "ESP"]
[Source "lmi"]
[SourceDate "2012.09.29"]

1. d4 Nf6 2. c4 e6 3. Nc3 Bb4 4. Qc2 c5 5. dxc5 Na6 6. a3 Bxc3+ 7. Qxc3 Nxc5 8.
b4 Nce4 9. Qd4 d5 10. c5 b6 11. f3 bxc5 12. bxc5 Qa5+ 13. Qb4 Qc7 14. fxe4 Rb8
15. Qd4 Nxe4 16. Nf3 O-O 17. g3 Ba6 18. Bf4 Qa5+ 19. Nd2 Rb5 20. e3 Rc8 21. Bd6
e5 22. Qxd5 Bb7 23. Qa2 Nc3 24. Qc2 Bxh1 25. Bxb5 Nxb5 26. Bxe5 Bd5 27. a4 Nc7
28. Ra3 Ne6 29. Bd4 Qd8 30. Rc3 Bc6 31. Rc4 Qd5 32. Qb2 Re8 33. Qc3 Ng5 34.
Bxg7 Qh1+ 35. Nf1 Nf3+ 36. Ke2 Qg2+ 0-1

[Event "77 España ch 2012"]
[Site "Maspalomas ESP"]
[Date "2012.10.06"]
[Round "8.19"]
[White "Gonzalez Intelangelo, Gerardo"]
[Black "Ladron De Guevara Pinto, Paolo"]
[Result "1-0"]
[WhiteElo "2010"]
[BlackElo "2378"]
[PlyCount "85"]
[EventDate "2012.09.29"]
[EventType "swiss"]
[EventRounds "9"]
[EventCountry "ESP"]
[Source "lmi"]
[SourceDate "2012.09.29"]

1. c4 c5 2. Nc3 Nc6 3. Nf3 e5 4. g3 g6 5. Bg2 Bg7 6. d3 Nge7 7. h4 h6 8. Bd2 d6
9. Qc1 Be6 10. Rb1 Qd7 11. a3 a5 12. O-O Bh3 13. e4 g5 14. Nd5 Nxd5 15. cxd5
Ne7 16. hxg5 h5 17. Nh4 Ng6 18. Qd1 Nxh4 19. gxh4 b5 20. Kh2 Bxg2 21. Kxg2 b4
22. a4 O-O-O 23. f4 exf4 24. Rxf4 Rdf8 25. Rf5 f6 26. g6 Qe8 27. Kh2 Qxg6 28.
Qf3 Qe8 29. b3 Kc7 30. d4 c4 31. bxc4 Qxa4 32. Rg1 Rhg8 33. c5 Re8 34. Qd3 Qa2
35. Rf2 Bh6 36. Rgg2 Bxd2 37. Rxd2 Qa4 38. Rxg8 Rxg8 39. Qa6 Rg4 40. Qxd6+ Kc8
41. c6 Rxh4+ 42. Kg3 Rg4+ 43. Kf2 1-0

[Event "77 España ch 2012"]
[Site "Maspalomas ESP"]
[Date "2012.10.06"]
[Round "8.20"]
[White "Pazos Porta, Antonio"]
[Black "Henriquez Garcia, David"]
[Result "1-0"]
[WhiteElo "2307"]
[BlackElo "1993"]
[PlyCount "35"]
[EventDate "2012.09.29"]
[EventType "swiss"]
[EventRounds "9"]
[EventCountry "ESP"]
[Source "lmi"]
[SourceDate "2012.09.29"]

1. e4 d6 2. d4 Nf6 3. Nc3 e5 4. Nge2 Be7 5. h3 O-O 6. g4 d5 7. dxe5 Nxe4 8.
Qxd5 Qxd5 9. Nxd5 Bh4 10. Be3 Na6 11. Bg2 c6 12. Bxe4 cxd5 13. Bxd5 Nb4 14. Bb3
Nc6 15. O-O-O Nxe5 16. Nd4 Ng6 17. Nb5 a6 18. Nc7 1-0

[Event "77 España ch 2012"]
[Site "Maspalomas ESP"]
[Date "2012.10.06"]
[Round "8.21"]
[White "Marrero Cardenes, Agustin"]
[Black "Menendez Rey, Francisco Javier"]
[Result "0-1"]
[WhiteElo "1937"]
[BlackElo "2229"]
[PlyCount "99"]
[EventDate "2012.09.29"]
[EventType "swiss"]
[EventRounds "9"]
[EventCountry "ESP"]
[Source "lmi"]
[SourceDate "2012.09.29"]

1. d4 e6 2. c4 f5 3. g3 Nf6 4. Bg2 c6 5. Nh3 d5 6. O-O Bd6 7. Qc2 O-O 8. Bf4
Be7 9. Nd2 Nh5 10. Nf3 Nd7 11. c5 h6 12. Ne5 g5 13. Bd2 Nxe5 14. dxe5 Bd7 15.
f3 Be8 16. Nf2 Bg6 17. b4 Kh7 18. f4 gxf4 19. gxf4 Rg8 20. Kh1 Rg7 21. Nd3 Bh4
22. Rf3 Qe7 23. Rh3 Bf7 24. Bf3 Rag8 25. Rf1 a6 26. Qd1 Rg4 27. Be1 Bxe1 28.
Qxe1 Ng7 29. e3 Rg6 30. Nc1 Ne8 31. Nb3 Nc7 32. a4 Be8 33. Na5 d4 34. exd4 Nd5
35. Bh5 R6g7 36. Bxe8 Rxe8 37. Rg3 Reg8 38. Nc4 Kh8 39. Ne3 Qd7 40. Rfg1 Nxf4
41. Qd1 Kh7 42. Qd2 Ng6 43. Rh3 Nf4 44. Rhg3 Rxg3 45. hxg3 Ng6 46. Rf1 Rd8 47.
Nc2 Nxe5 48. Qf4 Ng4 49. Kg1 Qd5 50. a5 0-1

[Event "77 España ch 2012"]
[Site "Maspalomas ESP"]
[Date "2012.10.06"]
[Round "8.22"]
[White "Angel Acosta, Juan Carlos"]
[Black "Perez Barreto, Adrian"]
[Result "0-1"]
[WhiteElo "2225"]
[BlackElo "1966"]
[PlyCount "66"]
[EventDate "2012.09.29"]
[EventType "swiss"]
[EventRounds "9"]
[EventCountry "ESP"]
[Source "lmi"]
[SourceDate "2012.09.29"]

1. d4 c5 2. Nf3 cxd4 3. Nxd4 d5 4. g3 Nf6 5. Bg2 e5 6. Nb3 Nc6 7. O-O h6 8. Nc3
Be6 9. f4 exf4 10. Bxf4 Qb6+ 11. Kh1 O-O-O 12. a4 g5 13. a5 Qa6 14. Be3 d4 15.
Rxf6 dxc3 16. Qf1 cxb2 17. Rb1 Be7 18. Nc5 Bxc5 19. Bxc5 Rd2 20. Rxb2 Rhd8 21.
Bg1 Rxe2 22. Rf2 Rdd2 23. Rxe2 Rxe2 24. Qf3 Qc4 25. Bf2 g4 26. Qf6 Qa4 27. Kg1
Qa1+ 28. Bf1 Ne5 29. Qh8+ Kc7 30. Rxb7+ Kxb7 31. a6+ Kc7 32. Qa8 Nf3+ 33. Kg2
Rxf2+ 0-1

[Event "77 España ch 2012"]
[Site "Maspalomas ESP"]
[Date "2012.10.06"]
[Round "8.23"]
[White "Vega Gutierrez, Belinda"]
[Black "Garcia Garcia, Adrian Antonio"]
[Result "1-0"]
[WhiteElo "2206"]
[BlackElo "1978"]
[PlyCount "61"]
[EventDate "2012.09.29"]
[EventType "swiss"]
[EventRounds "9"]
[EventCountry "ESP"]
[Source "lmi"]
[SourceDate "2012.09.29"]

1. e4 e5 2. Nf3 d6 3. d4 exd4 4. Nxd4 Nf6 5. Nc3 a6 6. a4 Nc6 7. Bc4 g6 8. O-O
Bg7 9. h3 O-O 10. Nf3 Re8 11. Re1 Be6 12. Nd5 Rb8 13. a5 Bxd5 14. exd5 Ne5 15.
Nxe5 Rxe5 16. Rxe5 dxe5 17. Be3 Qd6 18. Qd2 Rd8 19. Rd1 Nd7 20. b4 Kh8 21. Bf1
Bf8 22. Rb1 c6 23. dxc6 Qxc6 24. b5 Qc8 25. Qd5 Bc5 26. Rd1 Bxe3 27. fxe3 Kg7
28. bxa6 bxa6 29. c4 Kf8 30. c5 Ke8 31. Bc4 1-0

[Event "77 España ch 2012"]
[Site "Maspalomas ESP"]
[Date "2012.10.06"]
[Round "8.24"]
[White "Arnaiz Yanes, Miguel Angel"]
[Black "Zamarbide Inarrea, Daniel"]
[Result "0-1"]
[WhiteElo "2004"]
[BlackElo "2192"]
[PlyCount "70"]
[EventDate "2012.09.29"]
[EventType "swiss"]
[EventRounds "9"]
[EventCountry "ESP"]
[Source "lmi"]
[SourceDate "2012.09.29"]

1. d4 Nf6 2. Nf3 c5 3. c3 Qc7 4. e3 g6 5. Nbd2 d6 6. Bd3 Bg7 7. O-O O-O 8. Re1
Nc6 9. b3 Rb8 10. Bb2 b5 11. Rb1 h6 12. Ba1 e5 13. dxe5 dxe5 14. Ne4 Rd8 15.
Qc2 Nxe4 16. Bxe4 Ne7 17. Nd2 f5 18. Bf3 e4 19. Be2 Nd5 20. Rbc1 a6 21. a3 Qa5
22. Bb2 Nxc3 23. Bxc3 Qxc3 24. Qxc3 Bxc3 25. Rxc3 Rxd2 26. Rxc5 Be6 27. a4 bxa4
28. bxa4 Rxe2 29. Rd1 Reb2 30. h4 Rb1 31. Rxb1 Rxb1+ 32. Kh2 Rb6 33. a5 Rd6 34.
Kg3 Kf7 35. Kf4 Kf6 0-1

[Event "77 España ch 2012"]
[Site "Maspalomas ESP"]
[Date "2012.10.06"]
[Round "8.25"]
[White "Boutahar Belgasi, Tarik"]
[Black "Ramos Aguilar, Jose Manuel"]
[Result "0-1"]
[WhiteElo "1994"]
[BlackElo "2183"]
[PlyCount "42"]
[EventDate "2012.09.29"]
[EventType "swiss"]
[EventRounds "9"]
[EventCountry "ESP"]
[Source "lmi"]
[SourceDate "2012.09.29"]

1. Nf3 Nf6 2. g3 g6 3. b4 Bg7 4. Bb2 O-O 5. Bg2 c6 6. c4 d5 7. cxd5 cxd5 8. O-O
a5 9. b5 Nbd7 10. a4 Re8 11. e3 e5 12. d3 e4 13. Ne1 Nc5 14. Bd4 Bg4 15. Qc2
Rc8 16. Nc3 Ne6 17. Bxf6 Bxf6 18. d4 Bxd4 19. exd4 Nxd4 20. Qd2 Nb3 21. Qxd5
Rxc3 0-1